01426nam a22003617a 4500003000900000005001700009007000300026008004100029020001800070040002500088082002000113245009200133260005800225300003200283490002700315500004700342504004200389505010300431505003100534505004900565505003500614505005600649505002800705505003200733505007600765650002800841700002600869700004100895700003600936700002700972700003000999700003501029DO-SdBNP20211109112942.0ta211109b2018 a|||e |||| 001 0 spa d a9789945580648 aDO-SdBNPbspacBNPHU4 222a516.6bG34510aGeometría descriptiva / cAura Salazar … [et.al] ; editor Lennys Tejada Betancourt  aSantiago de los Caballeros, Rep. Dom. :bUAPA,c2018. a320 p. : (14 )bil.;c27 cm aAutoaprendizajev; v.1 aEvaluación Pedagógica y del contenido. aIncluye referencias bibliográficas. aUnidad 1. Conceptos geométricos fundamentales.t1.1. Punto --t1.2. Líneas --t1.3. Planos -- aUnidada II. Los Ängulos. aUnidad III. Paralelismo y Perpendicularidad. aUnidadad IV. Los Polígonos. aUnidad V. Ängulos formados entre Rectas y Planos. aUnidad VI. Superficies. aUnidad VIII. Los poliedros. aRespuestas a los ejercicios de autoevaluación bibliografía general.4 aGeometría descriptiva1 aSalazar, Aura Marlene1 aGirón Villarroel, Thamara Gregoria1 aSalazar Aguirre, Engel Fernando1 aNúnez , Luis Alfredo1 aVargas Villega, Elizabeth1 aMorales Urbina, Esther María